000 00526nam a2200181Ia 4500
008 100920s9999 xx 000 0 und d
082 _b25068
_a21 थ 70
100 _aACHAYA RAJNEESH.
245 _aFLIGHT OF THE ALONE TO THE ALONE.
260 _bI.N.SHAH, BOMBAY.
_c1970
300 _a35
_bसाधी
365 _b2.5
520 _aृॅ्रआर.अे.
630 _aFLIGHT OF THE ALONE TO THE ALONE.
650 _aृॅ्रआर.अे.
730 _aFLIGHT OF THE ALONE TO THE ALONE.
942 _cBOOK
999 _c683109
_d683106